000 00484nam a2200181Ia 4500
005 20250508150713.0
008 008 250505s9999 xx 000 0 eng d
037 _aTextual
040 _aFEDL
_beng
_cFEDL
041 _aeng
_2eng
084 _aB, RUS
_qFEDL
100 _aLeggett H W
_9626596
245 0 _aBertrand russell O M
260 _aLondon, UK
_bLincolns Prager Publishers Ltd.
_c1949
300 _a78p.
942 _cTEXL
_hB, RUS
999 _c1325158
_d1325158